| 000 | 00444nam a22001457a 4500 | ||
|---|---|---|---|
| 040 | _cNUST | ||
| 082 |
_a519.5 _bSPI |
||
| 100 | _aMurray R. Spiegel | ||
| 110 |
_aJohn J. Schiller, R. Alu Srinivasan _9124653 |
||
| 245 | _aTheory and Problems of Probability and Statistics | ||
| 250 | _aSecond Edition | ||
| 260 |
_aLondon: _bNational Book Foundation, _c2007. |
||
| 650 | _2Theory and Problems of Probability and Statistics | ||
| 942 |
_2ddc _cBK |
||
| 999 |
_c610457 _d610457 |
||